| 000 | 01045nam a2200157Ia 4500 | ||
|---|---|---|---|
| 008 | 240429s9999||||xx |||||||||||||| ||und|| | ||
| 041 | _aeng | ||
| 082 | _aCR/G&BJA/21 | ||
| 100 | _aRoads &Transport Committee | ||
| 245 | 0 | _aReport of the Committee on Roads and Transport on the Commercial Contract agreement between the Government of the Republic of Ghana (Acting through the Ministry of Roads and Highways and Represented by the Ghana Highway Authority) and BNIP-Janson-Adowso Consortium or Netherlands for an amount of Two Hundred Million Euros (€200,000,000.00) for the construction of a Bridge over the Afram River at Adawso - Ekyi Amanfrom, 2021 | |
| 260 |
_bParliment of Ghana _aAccra _c2021 |
||
| 300 | _a9p.: tabs | ||
| 650 | _a - Republic of Ghana (Acting through the Ministry of Roads and Highways - BNIP-Janson-Adowso Consortium or Netherlands for an amount of Two Hundred Million Euros (€200,000,00 - for the construction of a Bridge over the Afram River at Adawso - Ekyi Amanfrom, 2021 | ||
| 942 | _cCR | ||
| 999 |
_c1709 _d1709 |
||